16th Czech-Slovak Spectroscopic Conference : including Microsymposium Challenges in Raman Spectroscopy : book of abstracts : Hotel Harmonie, Luhačovice, Czech Republic, May 27-31, 2018

Korporativní autor: Hotel Harmonie
Další autoři: Czech-Slovak Spectroscopic Conference, Spektroskopická společnost Jana Marka Marci, Challenges in Raman Spectroscopy (sympozium)
Jazyk: Angličtina
Vydáno: Brno : Spektroskopická společnost Jana Marka Marci, 2018
Témata:
Fyzický popis: 163 stran : ilustrace (převážně barevné), portréty ; 22 cm
Knihy
Uloženo v:
LEADER 01982nam a2200469 i 4500
001 nkc20183002489
003 CZ PrNK
005 20180919144428.0
007 ta
008 180809s2018 xr ac f 100 0 eng
015 |a cnb003002489 
020 |a 978-80-88195-06-1  |q (kroužková vazba) 
035 |a (OCoLC)1051234632 
040 |a ABA001  |b cze  |e rda 
072 7 |a 543  |x Analytická chemie  |2 Konspekt  |9 10 
080 |a 543.424.2  |2 MRF 
080 |a (048.3)  |2 MRF 
080 |a (062.534)  |2 MRF 
111 2 |a Czech-Slovak Spectroscopic Conference  |n (16. :  |d 2018 :  |c Luhačovice, Česko)  |7 ko20181003498  |4 aut 
245 1 0 |a 16th Czech-Slovak Spectroscopic Conference :  |b including Microsymposium Challenges in Raman Spectroscopy : book of abstracts : Hotel Harmonie, Luhačovice, Czech Republic, May 27-31, 2018 
246 3 0 |a Microsymposium Challenges in Raman Spectroscopy 
246 3 0 |a Challenges in Raman spectroscopy 
246 3 0 |a Czech-Slovak Spectroscopic Conference 
264 1 |a Brno :  |b Spektroskopická společnost Jana Marka Marci,  |c 2018 
300 |a 163 stran :  |b ilustrace (převážně barevné), portréty ;  |c 22 cm 
336 |a text  |b txt  |2 rdacontent 
337 |a bez média  |b n  |2 rdamedia 
338 |a svazek  |b nc  |2 rdacarrier 
504 |a Obsahuje bibliografie 
650 0 7 |a Ramanova spektroskopie  |7 ph191241  |2 czenas 
650 0 9 |a Raman spectroscopy  |2 eczenas 
655 7 |a abstrakta  |7 fd131780  |2 czenas 
655 7 |a sborníky konferencí  |7 fd133333  |2 czenas 
655 9 |a abstracts  |2 eczenas 
655 9 |a proceedings of conferences  |2 eczenas 
710 2 |a Hotel Harmonie  |7 ko20181003500  |4 orm 
710 2 |a Spektroskopická společnost Jana Marka Marci  |7 ko2004231838  |4 orm 
711 2 |a Challenges in Raman Spectroscopy (sympozium)  |d (2018 :  |c Luhačovice, Česko)  |7 ko20181003501  |4 aut 
910 2 |a BOA001  |b 2-1411.846 
990 |a BK 
995 |a 01 
996 6 |b 2610754403  |c 2-1411.846  |l MZK  |r Sklad / do 1 hodiny  |n 0  |p p.v.  |w 001686230  |u 000010  |a 1  |e BOA001  |j MZK50  |s P